Rozpoznávanie emócií založené na Raspberry Pi4 technológii v spolupráci so strojovým učením

Saved in:
Bibliographic Details
Main Author: Kostová, Lívia (Author)
Other Authors: Czanner, Silvester (Thesis advisor)
Format: Manuscript Book
Language:Slovak
Published: 2023
Subjects:
Online Access:http://is.stuba.sk/zp/portal_zp.pl?podrobnosti=162679
Tags: Add Tag
No Tags, Be the first to tag this record!

MARC

LEADER 00000ntm a22000003a 4500
001 stuzp92360
003 SK-STU
005 20230909212909.9
007 ta
008 150427s2015----xo-----f-mn---000-0-slo-d
040 |a STU  |b slo 
041 0 |a slo 
100 1 |a Kostová, Lívia  |u 070200  |4 aut  |U FIIT Fakulta informatiky a informačných technológií  |T FIIT Ústav informatiky, informačných systémov a softvérového inžinierstva  |X 110825  |U I200  |Y 179  |7 110825 
242 0 1 |a Raspberry Pi based emotion recognition using OpenCV, TensorFlow and Keras  |y eng 
245 1 0 |a Rozpoznávanie emócií založené na Raspberry Pi4 technológii v spolupráci so strojovým učením 
260 |c 2023 
650 4 |a konvolučné neurónové siete  |2 slo 
650 4 |a rozpoznávanie emócií  |2 slo 
650 4 |a Raspberry Pi 4  |2 slo 
650 4 |a umelá inteligencia  |2 slo 
650 4 |a convolutional neural network  |2 eng 
650 4 |a emotion recognition  |2 eng 
650 4 |a Raspberry Pi 4  |2 eng 
650 4 |a artificial intelligence  |2 eng 
700 1 |a Czanner, Silvester  |4 ths  |X 114747  |7 114747 
856 4 |u http://is.stuba.sk/zp/portal_zp.pl?podrobnosti=162679